| 000 | 00740nam a22002537a 4500 | ||
|---|---|---|---|
| 001 | 2882 | ||
| 003 | FISKH | ||
| 005 | 20240119155909.0 | ||
| 008 | 240119b cb ||||| |||| 00| 0 eng d | ||
| 020 | _a9781407571966 | ||
| 040 |
_aFISKH _beng _cFISKH _dFISKH |
||
| 082 | _a745.5 | ||
| 100 | _aAnonymous | ||
| 245 | _aAnimal crafts / | ||
| 260 |
_aQueen Stree House : _bParragon, _c2009. |
||
| 300 |
_a32 pages : _bcolor illustrations ; _c28 cm |
||
| 505 | _aM | ||
| 520 | _a"Go wild with the fun collection of animal-themed crafts featuring the gang from Sesame Street". | ||
| 521 | 8 |
_a530
_bLexile estimate |
|
| 521 | 8 |
_aM
_bRaz-Plus |
|
| 650 | _aCrafts | ||
| 650 | _aImported From ResourceMate | ||
| 942 |
_2ddc _cBK _n0 |
||
| 999 |
_c2882 _d2882 |
||